000 00705nam a22002057a 4500
003 BUBTL
008 220511b ||||| |||| 00| 0 eng d
020 _a9780102967203
082 _a342.5492/ C4591i/ 2021
100 _94519
_aChowdhury, M. Jashim Ali
245 _aAn Introduction to The Constitutional Law of Bangladesh /
_c M. Jashim Ali Chowdhury
250 _a4th Edn.
260 _aChittagong, Bangladesh:
_bBook Zone Publication
_cc2021
300 _axx, 680 p.:
_c21 cm.
505 _aConstitutional Law of Bangladesh, Constitutional Law, M. Jashim Ali Chowdhury
650 0 _926
_aLaw
856 _k0
_l0
_yDownload
942 _2ddc
_cBK
999 _c6702
_d6702